[Event "SC Falke Saerbeck 1 - SF Beelen 1"]
[Site "Verbandsliga 2019/2020"]
[Date "2019.09.28"]
[Round "2.1"]
[White "Hofene, Dieter"]
[Black "Vos, Thomas"]
[Result "1-0"]
[WhiteElo "1990"]
[BlackElo "2063"]
[PlyCount "89"]
[EventDate "2019.??.??"]
[SourceDate "2019.09.14"]

1. d4 d5 2. Nc3 Nc6 3. e4 e5 4. Bb5 Bb4 5. a3 Bxc3+ 6. bxc3 Qh4 7. exd5 Qe4+ 8.
Qe2 Qxd5 9. Qxe5+ Qxe5+ 10. dxe5 Bd7 11. Bxc6 Bxc6 12. Nf3 O-O-O 13. Nd4 Ne7
14. O-O Rd5 15. Re1 Ba4 16. Nb3 Nc6 17. Bf4 Na5 18. Nd4 Re8 19. Rab1 Nc4 20. e6
fxe6 21. Rxe6 Rxe6 22. Nxe6 g6 23. h3 Bxc2 24. Re1 c5 25. Nf8 Rd1 26. Rxd1 Bxd1
27. Bc1 Bc2 28. Nxh7 Kc7 29. f4 Kc6 30. Kf2 Kb5 31. g4 Ka4 32. Nf8 Kb3 33. f5
Ne5 34. Bf4 Nd3+ 35. Ke3 gxf5 36. g5 Kxc3 37. g6 Bb3 38. h4 Nxf4 39. Kxf4 Kb2
40. h5 c4 41. Ne6 b5 42. h6 a5 43. h7 b4 44. axb4 c3 45. Nd4 1-0

[Event "SC Falke Saerbeck 1 - SF Beelen 1"]
[Site "Verbandsliga 2019/2020"]
[Date "2019.09.28"]
[Round "2.2"]
[White "Hegemann, Eike"]
[Black "Hanewinkel, Winfried"]
[Result "1-0"]
[WhiteElo "1962"]
[BlackElo "1892"]
[PlyCount "71"]
[EventDate "2019.??.??"]
[SourceDate "2019.09.14"]

1. e4 c6 2. d4 d5 3. exd5 cxd5 4. Bd3 Nc6 5. Nf3 Bg4 6. c3 Nf6 7. Bf4 Qd7 8.
Nbd2 e6 9. O-O Bd6 10. Bg5 h6 11. Bxf6 gxf6 12. h3 Bh5 13. b4 Rg8 14. b5 Ne7
15. c4 dxc4 16. Bxc4 Nd5 17. Bxd5 exd5 18. Re1+ Kf8 19. Kh1 Qf5 20. Qe2 Bb4 21.
Qe3 Bxd2 22. Nxd2 Qg5 23. Qxg5 hxg5 24. Rac1 Kg7 25. Re7 Rgc8 26. Rxc8 Rxc8 27.
Rxb7 Rc2 28. Nb3 Rxa2 29. f3 Bg6 30. Nc5 Rb2 31. Ne6+ Kg8 32. Nc7 Bd3 33. Rxa7
Bf1 34. Kg1 Bxg2 35. b6 Bxf3 36. b7 1-0

[Event "SC Falke Saerbeck 1 - SF Beelen 1"]
[Site "Verbandsliga 2019/2020"]
[Date "2019.09.28"]
[Round "2.3"]
[White "Hanewinkel, Martin"]
[Black "Kipp, Lucas"]
[Result "0-1"]
[WhiteElo "1853"]
[BlackElo "1926"]
[PlyCount "82"]
[EventDate "2019.??.??"]
[SourceDate "2019.09.14"]

1. d4 d5 2. Nf3 Nf6 3. c3 c5 4. Bf4 Nc6 5. e3 Qb6 6. Qb3 c4 7. Qxb6 axb6 8.
Nbd2 b5 9. Be2 Bf5 10. h3 h6 11. O-O e6 12. Ne5 Be7 13. g4 Bh7 14. h4 g5 15.
hxg5 hxg5 16. Bg3 Ne4 17. Nxe4 Bxe4 18. f3 Bc2 19. Rfc1 Bh7 20. Nxc6 bxc6 21.
a3 Kd7 22. Kg2 Bg6 23. Rh1 c5 24. Rxh8 Rxh8 25. a4 Ra8 26. b3 Bc2 27. bxc4 Rxa4
28. Rc1 Ra2 29. Kf1 dxc4 30. e4 cxd4 31. cxd4 Ba3 32. Re1 Bb4 33. Rc1 Bd2 34.
Rxc2 Rxc2 35. Bd1 Ra2 36. Be5 Bf4 37. Bf6 b4 38. d5 e5 39. Be2 Rxe2 40. Kxe2 b3
41. Kd1 c3 0-1

[Event "SC Falke Saerbeck 1 - SF Beelen 1"]
[Site "Verbandsliga 2019/2020"]
[Date "2019.09.28"]
[Round "2.4"]
[White "Fischer, Andreas"]
[Black "Hanewinkel, Christian"]
[Result "1-0"]
[WhiteElo "1889"]
[BlackElo "1803"]
[PlyCount "107"]
[EventDate "2019.??.??"]
[SourceDate "2019.09.14"]

1. e4 c5 2. Nf3 d6 3. d4 cxd4 4. Nxd4 Nf6 5. f3 Nc6 6. c4 g6 7. Be3 Bg7 8. Qd2
Nxd4 9. Bxd4 O-O 10. Be2 Bd7 11. O-O Bc6 12. Nc3 Qa5 13. Rfd1 Qh5 14. Be3 Kh8
15. b4 g5 16. Bxg5 h6 17. Be3 Rg8 18. Rac1 b6 19. Bd3 Nd7 20. Kh1 Ne5 21. Be2
Bf6 22. Rg1 Rg7 23. Nd5 Bh4 24. Nf4 Qg5 25. Ne6 Qg6 26. Nxg7 Kxg7 27. c5 Bg3
28. Bf4 Bf2 29. Rgf1 Bh4 30. cxd6 exd6 31. b5 Be8 32. Rfd1 Rd8 33. Qb4 Bg5 34.
Bxe5+ dxe5 35. Rxd8 Bxd8 36. Bc4 Qg5 37. Rd1 Be7 38. Qd2 Qh5 39. Qd5 Bh4 40.
Kg1 Qg5 41. Qd2 Qf6 42. g3 Bg5 43. Qe2 h5 44. Qd3 h4 45. Kg2 Qg6 46. Qd6 Bf6
47. Qb8 Kf8 48. Bd5 hxg3 49. hxg3 Bh4 50. Qxe5 f6 51. Qd6+ Kg7 52. Qe7+ Kh6 53.
Qf8+ Kg5 54. Qh8 1-0

[Event "SC Falke Saerbeck 1 - SF Beelen 1"]
[Site "Verbandsliga 2019/2020"]
[Date "2019.09.28"]
[Round "2.5"]
[White "Fartmann, Franz Josef"]
[Black "Fayazi, Shahriar"]
[Result "0-1"]
[WhiteElo "1796"]
[BlackElo "1889"]
[PlyCount "66"]
[EventDate "2019.??.??"]
[SourceDate "2019.09.14"]

1. Nf3 d6 2. g3 c5 3. Bg2 Nc6 4. O-O g6 5. c4 Bg7 6. Nc3 e6 7. a3 Nge7 8. Rb1
d5 9. cxd5 exd5 10. d3 O-O 11. Bd2 d4 12. Na4 b6 13. b4 cxb4 14. axb4 Nd5 15.
Qb3 Bb7 16. Rbc1 Qd7 17. b5 Nd8 18. Nb2 Re8 19. Rfe1 Ne6 20. Nc4 Nc5 21. Qb1
Na4 22. Na3 Nac3 23. Bxc3 Nxc3 24. Qb2 Rac8 25. Rc2 Rc5 26. Nh4 Bxg2 27. Nxg2
Na4 28. Qb3 Rxc2 29. Qxc2 Nc3 30. Qb2 Bf8 31. Nf4 Bd6 32. Kf1 Bxf4 33. gxf4
Qh3+ 0-1

[Event "SC Falke Saerbeck 1 - SF Beelen 1"]
[Site "Verbandsliga 2019/2020"]
[Date "2019.09.28"]
[Round "2.6"]
[White "Bartsch, Jan"]
[Black "Austermann, Reinhold"]
[Result "1/2-1/2"]
[WhiteElo "1785"]
[BlackElo "1733"]
[PlyCount "57"]
[EventDate "2019.??.??"]
[SourceDate "2019.09.14"]

1. b3 d5 2. Bb2 Nf6 3. e3 Bg4 4. Be2 Bxe2 5. Qxe2 c6 6. f4 e6 7. Nf3 Nbd7 8.
O-O Bd6 9. Be5 Qc7 10. d4 h6 11. Nbd2 O-O 12. c4 Ne4 13. Nxe4 dxe4 14. Bxd6
Qxd6 15. Ne5 f5 16. Nxd7 Qxd7 17. g4 Qe7 18. Kh1 a5 19. gxf5 exf5 20. Qg2 Rf6
21. Rg1 Kh7 22. Qh3 Raf8 23. Rg3 Rg6 24. Rag1 Rxg3 25. Qxg3 Rf6 26. h3 Qf7 27.
Qe1 Qh5 28. Qg3 Qf7 29. Qe1 1/2-1/2

[Event "SC Falke Saerbeck 1 - SF Beelen 1"]
[Site "Verbandsliga 2019/2020"]
[Date "2019.09.28"]
[Round "2.7"]
[White "Beckmann, Frank"]
[Black "Hoge, Reinhard"]
[Result "1/2-1/2"]
[WhiteElo "1741"]
[BlackElo "1878"]
[PlyCount "82"]
[EventDate "2019.??.??"]
[SourceDate "2019.09.14"]

1. d4 Nf6 2. Nf3 g6 3. e3 Bg7 4. c4 O-O 5. Nc3 c5 6. d5 d6 7. h3 e6 8. Be2 exd5
9. Nxd5 Nxd5 10. Qxd5 Nc6 11. a3 Be6 12. Qd1 Na5 13. Qc2 d5 14. Nd2 Bf5 15. Qa4
a6 16. cxd5 b5 17. Qf4 Re8 18. e4 Qe7 19. Bf3 Be5 20. Qe3 Bd4 21. Qe2 Bxe4 22.
Nxe4 Nb3 23. Rb1 Nxc1 24. Rxc1 f5 25. Nxc5 Qg5 26. Ne6 Qxc1+ 27. Qd1 Rac8 28.
O-O Qxd1 29. Rxd1 Be5 30. Rd2 Bd6 31. Kf1 h6 32. g3 Kf7 33. Ke2 Rc1 34. Kd3
Rec8 35. Nd4 Bc5 36. Nb3 Rf1 37. Nxc5 Rxc5 38. Kd4 Rcc1 39. Ke5 Ke7 40. d6+ Kd7
41. Kf6 Rfe1 1/2-1/2

[Event "SC Falke Saerbeck 1 - SF Beelen 1"]
[Site "Verbandsliga 2019/2020"]
[Date "2019.09.28"]
[Round "2.8"]
[White "Waltermann, Jens"]
[Black "Radinger, Rudolf"]
[Result "1/2-1/2"]
[WhiteElo "1793"]
[BlackElo "1614"]
[PlyCount "103"]
[EventDate "2019.??.??"]
[SourceDate "2019.09.14"]

1. Nf3 Nf6 2. g3 e6 3. Bg2 c5 4. O-O Nc6 5. c3 Be7 6. d4 O-O 7. Re1 d5 8. Nbd2
cxd4 9. cxd4 Qb6 10. e3 Bd7 11. a3 a5 12. b3 Rfd8 13. Bb2 Be8 14. Bf1 Bf8 15.
Bd3 Ne7 16. Qe2 Rac8 17. Rec1 Rxc1+ 18. Rxc1 Rc8 19. Qd1 Rxc1 20. Qxc1 Qc6 21.
Ne5 Qxc1+ 22. Bxc1 Ng6 23. Nxg6 hxg6 24. Nb1 Bd6 25. Bd2 b6 26. b4 axb4 27.
Bxb4 Bxb4 28. axb4 Bc6 29. f3 Kf8 30. Nc3 Ke7 31. Kf2 Kd7 32. h4 Ke7 33. g4 Nd7
34. g5 e5 35. dxe5 Nxe5 36. Be2 Kd6 37. f4 Nd7 38. Bg4 f5 39. Be2 Nf8 40. Bd3
Bd7 41. Ke2 Ne6 42. Nb5+ Bxb5 43. Bxb5 d4 44. Be8 dxe3 45. Kxe3 Nf8 46. Bf7 Ke7
47. Ba2 Kd6 48. Kd4 Ne6+ 49. Bxe6 Kxe6 50. Kc4 Kd6 51. Kb5 Kc7 52. Kc4 1/2-1/2

[Event "SK Königsspringer Nordwalde 1 - SF Telg"]
[Site "Verbandsliga 2019/2020"]
[Date "2019.09.28"]
[Round "2.1"]
[White "Junker, Axel"]
[Black "Lerke, Bernd"]
[Result "1/2-1/2"]
[WhiteElo "1925"]
[BlackElo "1888"]
[PlyCount "86"]
[EventDate "2019.??.??"]
[SourceDate "2019.09.14"]

1. c4 Nf6 2. Nc3 e6 3. g3 d5 4. d4 Be7 5. Bg2 c6 6. Qd3 Nbd7 7. Nf3 O-O 8. O-O
Re8 9. Rd1 a6 10. a4 dxc4 11. Qxc4 Nb6 12. Qb3 Nbd5 13. a5 Bd6 14. Ne5 Nxc3 15.
bxc3 Nd7 16. f4 Qc7 17. Nc4 Bf8 18. e4 Rb8 19. Nb6 Nf6 20. e5 Nd7 21. Be3 Be7
22. c4 Bd8 23. Rac1 Nxb6 24. axb6 Qxb6 25. Qd3 Qa5 26. Ra1 Qc7 27. Rdc1 Qd7 28.
Be4 g6 29. Qb3 b6 30. d5 exd5 31. cxd5 cxd5 32. Bxd5 Bb7 33. Rd1 Bxd5 34. Rxd5
Qc8 35. Qa4 Be7 36. Qxa6 Qc3 37. Rd3 Qb2 38. Qa2 Qxa2 39. Rxa2 Rb7 40. Rb2 b5
41. Rdb3 Reb8 42. Kf2 f6 43. Bd4 Kf7 1/2-1/2

[Event "SK Königsspringer Nordwalde 1 - SF Telg"]
[Site "Verbandsliga 2019/2020"]
[Date "2019.09.28"]
[Round "2.2"]
[White "Sandmann, Matthias"]
[Black "Kuhlenbaeumer, Alfred"]
[Result "0-1"]
[WhiteElo "1751"]
[BlackElo "1811"]
[PlyCount "74"]
[EventDate "2019.??.??"]
[SourceDate "2019.09.14"]

1. Nf3 Nf6 2. c4 g6 3. Nc3 Bg7 4. d4 d6 5. Bg5 Nbd7 6. e4 c5 7. Be2 cxd4 8.
Qxd4 O-O 9. O-O Nc5 10. e5 Ne6 11. Qd2 Nxg5 12. Qxg5 dxe5 13. Nxe5 Be6 14. Rfd1
Qb6 15. Rab1 Rad8 16. Nd5 Bxd5 17. cxd5 Qxf2+ 18. Kxf2 Ne4+ 19. Kg1 Nxg5 20.
Nc4 Rd7 21. b4 Ne4 22. Rb3 Nc3 23. Rd2 Nxe2+ 24. Rxe2 Re8 25. b5 Bf6 26. Na5
Rxd5 27. Nxb7 Rb8 28. Na5 Rbxb5 29. Nc6 Kf8 30. Rxb5 Rxb5 31. Rd2 a5 32. Kf1
Rc5 33. Nb8 Rc1+ 34. Ke2 Bc3 35. Rd8+ Kg7 36. Nc6 Bb4 37. a3 Rxc6 0-1

[Event "SK Königsspringer Nordwalde 1 - SF Telg"]
[Site "Verbandsliga 2019/2020"]
[Date "2019.09.28"]
[Round "2.3"]
[White "Dieckmann, Werner"]
[Black "Hols, Bernhard"]
[Result "0-1"]
[WhiteElo "1779"]
[BlackElo "1774"]
[PlyCount "89"]
[EventDate "2019.??.??"]
[SourceDate "2019.09.14"]

1. d4 c5 2. c3 d5 3. Nf3 Nc6 4. Bf4 e6 5. e3 Bd6 6. dxc5 Bxc5 7. Nbd2 Nge7 8.
Ne5 Nxe5 9. Bxe5 f6 10. Bg3 O-O 11. Bd3 Qe8 12. O-O e5 13. e4 f5 14. exf5 e4
15. Nb3 Bb6 16. Be2 Bxf5 17. Nd4 Rd8 18. Bh4 h6 19. Nxf5 Rxf5 20. Bg4 Rf8 21.
Be6+ Kh8 22. Qb3 Rd6 23. Bxe7 Qxe7 24. Bxd5 e3 25. fxe3 Qxe3+ 26. Kh1 Rdf6 27.
Rxf6 Rxf6 28. Qc4 Qf2 29. b4 Bc7 30. Qd3 Bxh2 31. Kxh2 Rf4 32. Qh3 Rh4 33. Rd1
Rxh3+ 34. Kxh3 Qf4 35. Bf3 Qf6 36. Re1 Qf7 37. a4 a6 38. Re5 Qf4 39. Re4 Qf7
40. Rd4 Qe8 41. Kg4 Qe6+ 42. Kh5 Qf7+ 43. Kg4 h5+ 44. Kg3 Qa2 45. Rc4 0-1

[Event "SK Königsspringer Nordwalde 1 - SF Telg"]
[Site "Verbandsliga 2019/2020"]
[Date "2019.09.28"]
[Round "2.4"]
[White "Schmidt, Ralf"]
[Black "Pohl, Detlev"]
[Result "0-1"]
[WhiteElo "1578"]
[BlackElo "1798"]
[PlyCount "100"]
[EventDate "2019.??.??"]
[SourceDate "2019.09.14"]

1. e4 e6 2. d4 d5 3. Nd2 c5 4. c3 Nc6 5. Ngf3 cxd4 6. cxd4 Nf6 7. e5 Nd7 8. Bb5
f5 9. exf6 Nxf6 10. Ne5 Bd7 11. Bxc6 Bxc6 12. O-O Bd6 13. f4 O-O 14. Ndf3 Ne4
15. Nxc6 bxc6 16. Ne5 Bxe5 17. fxe5 Rxf1+ 18. Qxf1 Qb6 19. Qe2 Qxd4+ 20. Be3
Qxe5 21. Rf1 Nf6 22. Qf2 a5 23. Bd4 Qg5 24. Bxf6 gxf6 25. Qc5 Qe5 26. Qxc6 Rf8
27. Qb6 d4 28. Rd1 Qe3+ 29. Kh1 e5 30. Qe6+ Kg7 31. Qg4+ Kh8 32. Qh4 Kg7 33.
Qg4+ Qg5 34. Qd7+ Rf7 35. Qd5 a4 36. h3 Rc7 37. Qa5 Rc2 38. Rg1 Rxb2 39. Qxa4
Qg6 40. Qd7+ Kh6 41. a4 Ra2 42. Qb5 d3 43. Qb3 Re2 44. Qc4 Qe4 45. Qf7 Rf2 46.
Qf8+ Kh5 47. Qf7+ Qg6 48. g4+ Kh4 49. Qa7 Qe4+ 50. Rg2 Qxg2# 0-1

[Event "SK Königsspringer Nordwalde 1 - SF Telg"]
[Site "Verbandsliga 2019/2020"]
[Date "2019.09.28"]
[Round "2.5"]
[White "Pohl, Tim"]
[Black "Diepenbrock, Till"]
[Result "1/2-1/2"]
[WhiteElo "1808"]
[BlackElo "1771"]
[PlyCount "44"]
[EventDate "2019.??.??"]
[SourceDate "2019.09.14"]

1. e4 e5 2. Bc4 Nc6 3. f4 Bc5 4. Nf3 d6 5. d3 Be6 6. Bxe6 fxe6 7. fxe5 dxe5 8.
Bg5 Nf6 9. Nc3 Qe7 10. Qd2 O-O-O 11. O-O-O h6 12. Be3 Bb4 13. Qe1 Ng4 14. Bg1
Nd4 15. h3 Bxc3 16. bxc3 Qa3+ 17. Kd2 Nxc2 18. Kxc2 Qxa2+ 19. Kc1 Qa1+ 20. Kc2
Qa2+ 21. Kc1 Qa1+ 22. Kc2 Qa2+ 1/2-1/2

[Event "SK Königsspringer Nordwalde 1 - SF Telg"]
[Site "Verbandsliga 2019/2020"]
[Date "2019.09.28"]
[Round "2.6"]
[White "Steens, Rudolf"]
[Black "Esser, Peter"]
[Result "1/2-1/2"]
[WhiteElo "1808"]
[BlackElo "1733"]
[PlyCount "81"]
[EventDate "2019.??.??"]
[SourceDate "2019.09.14"]

1. e4 c6 2. d3 d5 3. Nd2 g6 4. Ngf3 Bg7 5. g3 e5 6. Bg2 Nd7 7. O-O Ne7 8. Re1
Qc7 9. c3 dxe4 10. dxe4 O-O 11. Nb3 b6 12. Be3 c5 13. a4 Rd8 14. Qc2 Nf8 15.
Nfd2 Be6 16. Bf1 h6 17. Bc4 Kh7 18. Bxe6 Nxe6 19. Nc4 a5 20. Rad1 Rxd1 21. Rxd1
Rd8 22. Rxd8 Qxd8 23. Qd2 Qxd2 24. Nbxd2 Nc8 25. Nf3 f6 26. h4 h5 27. Kf1 Kg8
28. Ke2 Kf7 29. Bd2 Bf8 30. Kd3 Nc7 31. Ne1 Ke6 32. f3 Ne8 33. Nc2 Ned6 34.
N2e3 Be7 35. Nxd6 Kxd6 36. Nd5 Bd8 37. f4 Ke6 38. b3 exf4 39. Nxf4+ Kf7 40. Nd5
g5 41. Be1 1/2-1/2

[Event "SK Königsspringer Nordwalde 1 - SF Telg"]
[Site "Verbandsliga 2019/2020"]
[Date "2019.09.28"]
[Round "2.7"]
[White "Rex, Dieter"]
[Black "Holstegge, Ludger"]
[Result "1-0"]
[WhiteElo "1698"]
[BlackElo "1734"]
[PlyCount "47"]
[EventDate "2019.??.??"]
[SourceDate "2019.09.14"]

1. d4 d5 2. c4 e6 3. Nf3 Nf6 4. Bg5 Be7 5. e3 Nbd7 6. Nc3 h6 7. Bh4 O-O 8. Be2
c6 9. O-O dxc4 10. Bxc4 b5 11. Bd3 Bb7 12. Rc1 Rc8 13. a3 a6 14. Bg3 c5 15. Bb1
Qb6 16. dxc5 Nxc5 17. Be5 Rfd8 18. Bd4 Qd6 19. Bxc5 Qxd1 20. Rfxd1 Rxd1+ 21.
Rxd1 Bxc5 22. Ne5 Bxa3 23. bxa3 Rxc3 24. Rd8+ 1-0

[Event "Schach Nienberge 2 - Südlohner SV 2"]
[Site "Verbandsliga 2019/2020"]
[Date "2019.09.28"]
[Round "2.1"]
[White "Teloeken, Daniel"]
[Black "Melkert, Tim"]
[Result "1-0"]
[WhiteElo "1943"]
[BlackElo "1946"]
[PlyCount "55"]
[EventDate "2019.??.??"]
[SourceDate "2019.09.14"]

1. c4 b6 2. e4 Bb7 3. Nc3 e6 4. Nge2 d5 5. cxd5 exd5 6. exd5 Nf6 7. Nf4 Bd6 8.
d4 O-O 9. Be2 Bxf4 10. Bxf4 Nxd5 11. Bf3 Re8+ 12. Kf1 Ba6+ 13. Kg1 Nxf4 14.
Bxa8 c6 15. h3 Nd3 16. d5 Qf6 17. Qf3 Qxf3 18. gxf3 cxd5 19. Bxd5 Nf4 20. Be4
Re5 21. Kh2 f5 22. Bc2 Nc6 23. Rad1 Be2 24. Bb3+ Kf8 25. Nxe2 Rxe2 26. Rhe1
Rxb2 27. Rd6 Rxf2+ 28. Kg3 1-0

[Event "Schach Nienberge 2 - Südlohner SV 2"]
[Site "Verbandsliga 2019/2020"]
[Date "2019.09.28"]
[Round "2.2"]
[White "Da Costa Campos, Andre"]
[Black "Emming, Benedikt"]
[Result "1/2-1/2"]
[WhiteElo "1895"]
[BlackElo "1831"]
[PlyCount "87"]
[EventDate "2019.??.??"]
[SourceDate "2019.09.14"]

1. e4 c5 2. Nf3 Nf6 3. e5 Nd5 4. Nc3 Nc7 5. Bc4 Nc6 6. d3 g6 7. Bf4 Bg7 8. Qd2
O-O 9. Bh6 d5 10. exd6 exd6 11. O-O-O d5 12. Bxg7 Kxg7 13. Bb3 b5 14. Qf4 a5
15. a4 b4 16. Nb5 Nxb5 17. axb5 Ne7 18. Rhe1 f6 19. Qe3 Re8 20. Qxc5 Bf5 21.
Nd4 a4 22. Nxf5+ gxf5 23. Bxd5 Rc8 24. Bc6 b3 25. Re3 Nxc6 26. bxc6 Rxe3 27.
fxe3 Qe8 28. c4 Rxc6 29. Qd4 Qe7 30. g4 Ra6 31. gxf5 a3 32. Kd2 axb2 33. Rg1+
Kh8 34. Rb1 Ra1 35. Rxa1 Qb4+ 36. Ke2 bxa1=Q 37. Qxa1 b2 38. Qb1 Kg7 39. c5 Qc3
40. Kd1 Qb3+ 41. Kd2 Qb4+ 42. Kc2 Qxc5+ 43. Kxb2 Qxe3 44. Qf1 1/2-1/2

[Event "Schach Nienberge 2 - Südlohner SV 2"]
[Site "Verbandsliga 2019/2020"]
[Date "2019.09.28"]
[Round "2.3"]
[White "Sparwel, Oliver"]
[Black "Stoeckmann, Helmut"]
[Result "1/2-1/2"]
[WhiteElo "1929"]
[BlackElo "1943"]
[PlyCount "61"]
[EventDate "2019.??.??"]
[SourceDate "2019.09.14"]

1. d4 Nf6 2. Nf3 e6 3. c4 Bb4+ 4. Bd2 c5 5. e3 O-O 6. a3 Bxd2+ 7. Nbxd2 cxd4 8.
exd4 d5 9. c5 b6 10. b4 Qe7 11. Bd3 a5 12. O-O bxc5 13. bxc5 Nc6 14. Bb5 Bd7
15. Bxc6 Bxc6 16. Ne5 Bb5 17. Re1 a4 18. Rb1 Rfb8 19. Rb4 Nd7 20. f4 f6 21.
Nxd7 Bxd7 22. Qb1 Qd8 23. Rb6 Rxb6 24. Qxb6 Qxb6 25. cxb6 Rb8 26. Rb1 Bc6 27.
Rb4 Kf7 28. Kf2 Ke7 29. Nb1 e5 30. fxe5 fxe5 31. dxe5 1/2-1/2

[Event "Schach Nienberge 2 - Südlohner SV 2"]
[Site "Verbandsliga 2019/2020"]
[Date "2019.09.28"]
[Round "2.4"]
[White "Wetterau, Georg"]
[Black "Schmeing, Walter"]
[Result "1/2-1/2"]
[WhiteElo "1829"]
[BlackElo "1965"]
[PlyCount "29"]
[EventDate "2019.??.??"]
[SourceDate "2019.09.14"]

1. e4 e5 2. Nf3 Nc6 3. Bc4 Nf6 4. d3 Be7 5. Nc3 d6 6. h3 O-O 7. a3 a6 8. Ba2 b5
9. Be3 Na5 10. b4 Nb7 11. Nd5 Bd7 12. Nxe7+ Qxe7 13. O-O a5 14. Nh2 Be6 15. c3
1/2-1/2

[Event "Schach Nienberge 2 - Südlohner SV 2"]
[Site "Verbandsliga 2019/2020"]
[Date "2019.09.28"]
[Round "2.5"]
[White "Richters, Alfred"]
[Black "Schipke, Thorsten"]
[Result "1/2-1/2"]
[WhiteElo "1840"]
[BlackElo "1838"]
[PlyCount "73"]
[EventDate "2019.??.??"]
[SourceDate "2019.09.14"]

1. d4 d5 2. Nf3 Nf6 3. Bf4 e6 4. e3 c5 5. Nbd2 Nc6 6. c3 Bd6 7. Bg3 O-O 8. Ne5
Ne8 9. Bd3 Bxe5 10. dxe5 d4 11. exd4 cxd4 12. c4 f6 13. f4 fxe5 14. fxe5 g6 15.
a3 Ng7 16. Nf3 Nf5 17. Bxf5 exf5 18. O-O Be6 19. Rc1 Qd7 20. Bf4 Rad8 21. Qd3
Qg7 22. Qd2 Rfe8 23. Bh6 Qc7 24. Qf4 Qb6 25. b4 d3+ 26. c5 Qa6 27. Rc3 b6 28.
Rd1 bxc5 29. Rxc5 Qb6 30. Qe3 a5 31. Bg5 Rd7 32. b5 Nd4 33. Rc6 Ne2+ 34. Kh1
Qxb5 35. Rb6 Qc4 36. Rd6 Rxd6 37. exd6 1/2-1/2

[Event "Schach Nienberge 2 - Südlohner SV 2"]
[Site "Verbandsliga 2019/2020"]
[Date "2019.09.28"]
[Round "2.6"]
[White "Schulte Austum, Frank"]
[Black "Boecker, Manfred"]
[Result "0-1"]
[WhiteElo "1734"]
[BlackElo "1820"]
[PlyCount "72"]
[EventDate "2019.??.??"]
[SourceDate "2019.09.14"]

1. d4 e6 2. Nf3 Nf6 3. Bg5 Be7 4. Nbd2 d5 5. e3 c5 6. c3 O-O 7. Bd3 b6 8. Ne5
Bb7 9. O-O Nbd7 10. f4 Ne4 11. Bxe7 Qxe7 12. Rf3 f5 13. Nxd7 Qxd7 14. Rh3 Nxd2
15. Qxd2 a5 16. a4 Bc6 17. b3 g6 18. Rf3 Rfc8 19. Rff1 c4 20. Bc2 b5 21. axb5
Bxb5 22. b4 axb4 23. Rfb1 b3 24. Bd1 Ra7 25. Qb2 Rca8 26. Rxa7 Qxa7 27. Bxb3
cxb3 28. Qxb3 Bc4 29. Qb4 Bd3 30. Rd1 Be4 31. Rd2 Qc7 32. Rb2 Rc8 33. Rb3 Bc2
34. Ra3 Rb8 35. Qa5 Qxa5 36. Rxa5 Be4 0-1

[Event "Schach Nienberge 2 - Südlohner SV 2"]
[Site "Verbandsliga 2019/2020"]
[Date "2019.09.28"]
[Round "2.7"]
[White "Teloeken, Stefan"]
[Black "Weist, Thorsten"]
[Result "1/2-1/2"]
[WhiteElo "1801"]
[BlackElo "1728"]
[PlyCount "61"]
[EventDate "2019.??.??"]
[SourceDate "2019.09.14"]

1. c4 Nf6 2. g3 g6 3. Bg2 Bg7 4. Nf3 d6 5. Nc3 O-O 6. O-O e5 7. d3 Nbd7 8. Rb1
c6 9. e4 a5 10. a3 Qe7 11. b4 axb4 12. axb4 Rd8 13. Qb3 Nf8 14. Bd2 h6 15. Ra1
Be6 16. Qb2 Qc7 17. b5 d5 18. c5 d4 19. Ne2 cxb5 20. Qxb5 N6d7 21. Ba5 b6 22.
cxb6 Qb7 23. Rfc1 Rdc8 24. Nd2 Rab8 25. f4 Rxc1+ 26. Rxc1 Nxb6 27. Rb1 Nfd7 28.
f5 gxf5 29. exf5 Bd5 30. Bxd5 Qxd5 31. Bxb6 1/2-1/2

[Event "Schach Nienberge 2 - Südlohner SV 2"]
[Site "Verbandsliga 2019/2020"]
[Date "2019.09.28"]
[Round "2.8"]
[White "Hagemann, Lars"]
[Black "Schlattmann, Martin"]
[Result "1/2-1/2"]
[WhiteElo "1724"]
[BlackElo "1731"]
[PlyCount "36"]
[EventDate "2019.??.??"]
[SourceDate "2019.09.14"]

1. e4 e5 2. Nf3 Nc6 3. Bc4 Be7 4. d4 exd4 5. Nxd4 d6 6. Be3 Nf6 7. f3 Nxd4 8.
Qxd4 O-O 9. Nc3 Be6 10. Bb3 c6 11. Qd2 Qc7 12. O-O Rad8 13. Qf2 b6 14. Rad1 Rd7
15. Bf4 Nh5 16. Be3 Nf6 17. Bf4 Nh5 18. Be3 Nf6 1/2-1/2

[Event "SC Rochade Emsdetten 2 - SK Gescher 1"]
[Site "Verbandsliga 2019/2020"]
[Date "2019.09.28"]
[Round "2.1"]
[White "Eissing, Christoph"]
[Black "Delere, Adrian"]
[Result "0-1"]
[WhiteElo "2026"]
[BlackElo "1841"]
[PlyCount "92"]
[EventDate "2019.??.??"]
[SourceDate "2019.09.14"]

1. e4 e5 2. d4 exd4 3. Qxd4 Nc6 4. Qe3 Nf6 5. Nc3 Bb4 6. Bd2 O-O 7. O-O-O Re8
8. Qg3 Rxe4 9. a3 Rg4 10. Qe3 Bxc3 11. Bxc3 Re4 12. Qg3 d6 13. Bd3 Re8 14. f4
Bd7 15. Nh3 h6 16. Nf2 d5 17. Bb5 Bf5 18. Bxf6 Qxf6 19. Rxd5 Nd4 20. Rd1 Ne2+
21. Bxe2 Rxe2 22. R5d2 Rae8 23. Ng4 Qc6 24. Ne5 Qxc2+ 25. Rxc2 Rxc2+ 26. Kb1
Rxg2+ 27. Kc1 Rxg3 28. hxg3 f6 29. Nd3 Rd8 30. Nc5 Rxd1+ 31. Kxd1 b6 32. Na6 c5
33. Nc7 Bd7 34. Kd2 Kf7 35. Kd3 Ke7 36. Nd5+ Kd6 37. Ne3 g6 38. Ke4 Bc6+ 39.
Kd3 h5 40. Nc4+ Ke6 41. Ke3 Bd5 42. Nd2 Kf5 43. Nb1 Kg4 44. Nc3 Bc6 45. Kf2 h4
46. gxh4 Kxf4 0-1

[Event "SC Rochade Emsdetten 2 - SK Gescher 1"]
[Site "Verbandsliga 2019/2020"]
[Date "2019.09.28"]
[Round "2.2"]
[White "Luecke, Thomas"]
[Black "Lanfer, Stefan"]
[Result "1/2-1/2"]
[WhiteElo "1833"]
[BlackElo "1772"]
[PlyCount "33"]
[EventDate "2019.??.??"]
[SourceDate "2019.09.14"]

1. d4 c6 2. c3 d5 3. Bf4 Nf6 4. e3 g6 5. Bd3 Bg7 6. h3 O-O 7. Nd2 Nbd7 8. Ngf3
Re8 9. Ne5 Nxe5 10. Bxe5 Nd7 11. Bxg7 Kxg7 12. Nf3 e5 13. dxe5 Nxe5 14. Nxe5
Rxe5 15. Qf3 Qf6 16. Qxf6+ Kxf6 17. O-O-O 1/2-1/2

[Event "SC Rochade Emsdetten 2 - SK Gescher 1"]
[Site "Verbandsliga 2019/2020"]
[Date "2019.09.28"]
[Round "2.3"]
[White "Lanfer, Stefanie"]
[Black "Noering, Andreas"]
[Result "1-0"]
[WhiteElo "1882"]
[BlackElo "1807"]
[PlyCount "79"]
[EventDate "2019.??.??"]
[SourceDate "2019.09.14"]

1. e4 e5 2. d4 exd4 3. Qxd4 Nc6 4. Qe3 Nf6 5. Nc3 Bb4 6. Bd2 d6 7. O-O-O Qe7 8.
f3 Bd7 9. g4 Bc5 10. Qe1 h6 11. g5 hxg5 12. Bxg5 Be6 13. Bb5 O-O-O 14. Bxc6
bxc6 15. Qe2 Kb8 16. Qa6 Bb6 17. Nge2 Bc8 18. Qa4 Bd7 19. Qc4 Qe6 20. Qd3 Rde8
21. h4 Bc8 22. Nd4 Bxd4 23. Qxd4 Nh5 24. Qb4+ Bb7 25. Be3 f5 26. Qa5 a6 27.
Rhe1 f4 28. Bd4 Nf6 29. e5 Qf5 30. b4 Nd5 31. exd6 cxd6 32. Bxg7 Rhg8 33. Nxd5
cxd5 34. Bd4 Rc8 35. c3 Rg2 36. Rd2 Rxd2 37. Kxd2 Rg8 38. Re2 Qb1 39. Qa4 Rg1
40. Bxg1 1-0

[Event "SC Rochade Emsdetten 2 - SK Gescher 1"]
[Site "Verbandsliga 2019/2020"]
[Date "2019.09.28"]
[Round "2.4"]
[White "Colmer, Willi"]
[Black "Brands, Julian"]
[Result "1/2-1/2"]
[WhiteElo "1781"]
[BlackElo "1736"]
[PlyCount "71"]
[EventDate "2019.??.??"]
[SourceDate "2019.09.14"]

1. d4 Nf6 2. c4 e6 3. Nc3 b6 4. e4 Bb7 5. Bd3 Bb4 6. Qe2 O-O 7. Nf3 d5 8. cxd5
exd5 9. e5 Ne4 10. Qc2 f5 11. O-O Nd7 12. Qb3 Bxc3 13. bxc3 c5 14. Be2 Re8 15.
Nd2 Kh8 16. Bh5 g6 17. Be2 Qe7 18. f3 Ng5 19. Bb2 Ne6 20. f4 Rg8 21. Rf2 Bc6
22. a4 g5 23. fxg5 Qxg5 24. Nf3 Qe7 25. Qc2 Raf8 26. Bc1 Rf7 27. Bd3 f4 28. Rb1
c4 29. Bf5 Ndf8 30. Ra1 Bd7 31. Ba3 Qe8 32. Bxf8 Nxf8 33. Bxd7 Qxd7 34. Kh1 Ne6
35. Ra2 Rfg7 36. Qf5 1/2-1/2